000 00742nam a2200205Ii 4500
003 JO-AjNU
008 230605s9999||||xx |||||||||||||| ||und||
040 _aJO-AjNU
_bara
_erda
_cJO-AjNU
041 _aara
050 1 4 _aBS315.2022
100 3 _aهابيل، باسم ايليا,
_eauthor
_962975
245 0 0 _aجغرافية الكتاب المقدس
250 _aالطبعة العربية
264 3 1 _aعمان: دار اليازوري العلمية للنشر والتوزيع، 2022
300 _a167ص
_bيحتوي على مراجع من ص159-167ص
336 _atext
_btxt
_2rdacontent
337 _aunmediated
_bn
_2rdamedia
338 _avolume
_bnc
_2rdacarrier
650 4 _aالكتاب المقدس-جغرافية
_962976
999 _aA28542
_c32110
_d32110